Entrepreneurship : theory, process and practice/

Saved in:
Bibliographic Details
Main Author: Kuratko, Donald F.
Format: Book
Published: South Western : Thomson, c2007
Edition:7th ed.
Subjects:
Tags: Add Tag
No Tags, Be the first to tag this record!

MARC

LEADER 00000nam a2200000 4500
020 |a 0324361963  |c TZS 100395 
040 |a MUL  |b eng  |e AACR 
082 |a 338.04 KUR 
100 |a Kuratko, Donald F. 
245 |a Entrepreneurship :  |b theory, process and practice/   |c Donald F. Kuratko, Richard M. Hodgetts 
250 |a 7th ed. 
260 |a South Western :  |b Thomson,  |c c2007 
300 |a xxiii,757 p. ;  |b ill. :  |c 24 cm 
504 |a Includes index 
650 |a Entrepreneurship 
942 |c BK 
999 |c 8751  |d 8751